Movie Pictures Starting with E - Statistics

General Stats
  • This quiz has been taken 103 times
    10 since last reset
  • The average score is 13 of 24
Answer Stats
Picture Answer % Correct
Edward Scissorhands
100%
Elf
100%
E.T.
100%
The Exorcist
100%
Encanto
90%
Easy A
80%
Elemental
80%
Everything Everywhere All At Once
80%
Enchanted
70%
Ella Enchanted
60%
Enola Holmes
60%
Edge of Tomorrow
50%
Elektra
50%
The Expendables
50%
Eternals
40%
Eyes Wide Shut
40%
The Electric State
40%
The Evil Dead
40%
Ex Machina
30%
Emma
20%
Escape Room
20%
Empire Records
10%
Eagle Eye
0%
Everything Everything
0%
No matching quizzes found
Score Distribution
Percent of People with Each Score
Percentile by Number Answered
Your Score History
You have not taken this quiz since the last reset